|
|
|
|
| LEADER |
01697nam a2200385 a 4500 |
| 001 |
17627 |
| 003 |
BD-DhAAL |
| 005 |
20140521123307.0 |
| 008 |
140521s1992 enka b 001 0 eng |
| 010 |
|
|
|a 92003338
|
| 020 |
|
|
|a 0198710399
|
| 020 |
|
|
|a 0198119712
|
| 040 |
|
|
|a DLC
|c DLC
|d DLC
|d BD-DhAAL
|
| 050 |
0 |
0 |
|a PR1912.A2
|b W65 1992
|
| 082 |
0 |
0 |
|a 821/.1
|2 20
|
| 245 |
0 |
0 |
|a Woman defamed and woman defended :
|b an anthology of Medieval texts /
|c edited by Alcuin Blamires ; with Karen Pratt and C.W. Marx.
|
| 260 |
|
|
|a Oxford [England] :
|b Clarendon Press ;
|a New York :
|b Oxford University Press,
|c 1992.
|
| 300 |
|
|
|a xiii, 327 p. :
|b ill. ;
|c 23 cm.
|
| 504 |
|
|
|a Includes bibliographical references (p. 303-313) and index.
|
| 541 |
|
|
|e 17627
|
| 600 |
1 |
0 |
|a Chaucer, Geoffrey,
|d -1400
|x Sources.
|9 4573
|
| 650 |
|
0 |
|a English literature
|y Middle English, 1100-1500
|x Sources.
|9 4574
|
| 650 |
|
0 |
|a Women and literature
|z England
|x History
|y To 1500
|x Sources.
|9 4575
|
| 650 |
|
0 |
|a Literature, Medieval
|x Translations into English.
|9 4576
|
| 650 |
|
0 |
|a Women
|x History
|y Middle Ages, 500-1500
|x Sources.
|9 4577
|
| 650 |
|
0 |
|a Misogyny
|x Early works to 1800.
|9 4578
|
| 650 |
|
0 |
|a Feminism
|x Early works to 1800.
|9 4579
|
| 650 |
|
0 |
|a Women
|x Early works to 1800.
|9 4580
|
| 700 |
1 |
|
|a Blamires, Alcuin.
|9 4581
|
| 700 |
1 |
|
|a Pratt, Karen.
|9 4582
|
| 700 |
1 |
|
|a Marx, C. William.
|9 4583
|
| 852 |
|
|
|a Ayesha Abed Library
|c General Shelf
|
| 942 |
|
|
|2 ddc
|c BK
|
| 999 |
|
|
|c 14353
|d 14353
|
| 952 |
|
|
|0 0
|1 0
|2 ddc
|4 0
|6 821_100000000000000_WOM
|7 0
|9 24333
|a BRACUL
|b BRACUL
|c GEN
|d 2014-05-21
|l 7
|m 24
|o 821.1 WOM
|p 3010017627
|q 2026-07-28
|r 2025-09-23
|s 2025-09-23
|t 1
|w 2014-05-21
|y BK
|x Transferred from ENH to Ayesha Abed library on 20/12/2023
|